书目信息 |
| 题名: |
中国文学论丛
|
|
| 作者: | 钱穆 著 | |
| 分册: | ||
| 出版信息: | 北京 九州出版社 2011.07 |
|
| 页数: | 310页 | |
| 开本: | 20cm | |
| 丛书名: | ||
| 单 册: | ||
| 中图分类: | K2 | |
| 科图分类: | ||
| 主题词: | 中国--历史 | |
| 电子资源: | ||
| ISBN: | 978-7-5108-1006-0 | |
| 000 | 00548nam0 2200193 450 | |
| 001 | 2638028754 | |
| 005 | 20260413103920.27 | |
| 010 | @a978-7-5108-1006-0@dCNY45.00 | |
| 100 | @a20260413d2011 km y0chiy0120 ea | |
| 101 | 0 | @achi |
| 102 | @aCN@b110000 | |
| 200 | 1 | @a中国文学论丛@AZhong Guo Wen Xue Lun Cong@f钱穆著@FQian Mu Zhu |
| 210 | @a北京@c九州出版社@d2011.07 | |
| 215 | @a310页@d20cm | |
| 606 | 0 | @a中国@x历史 |
| 690 | @aK2@v4 | |
| 701 | 0 | @a钱穆@AQian Mu@4著 |
| 801 | 0 | @aCN@b大连网信软件有限公司图书馆·11@c20260413 |
| 905 | @aZUCC@dK2@eZW1216 | |
| 中国文学论丛/钱穆著.-北京:九州出版社,2011.07 |
| 310页;20cm |
| ISBN 978-7-5108-1006-0:CNY45.00 |
| ● |
| 相关链接 |
|
|
|
|
正题名:中国文学论丛
索取号:K2/ZW1216
 
预约/预借
| 序号 | 登录号 | 条形码 | 馆藏地/架位号 | 状态 | 备注 |
| 1 | 7512048 | 275120487 | 密集书库-文学院/ [索取号:K2/ZW1216] | 在馆 |